Kolik procent z příjmů na sociální pojištění? K návrhu zákona o pojistném na sociální zabezpečení a příspěvku na státní politiku zaměstnanosti.

Súčasťou ekonomickej reformy je aj transformácia systému sociálneho zabezpečenia a zmena spôsobu financovania a inštitucionálneho zabezpečenia štátnej politiky zamestnanosti. Jednotlivé kroky ich realizácie. Okruh poplatníkov poistného na sociálne zabezpečenie a príspevok na štátnu politiku zamestna...

Full description

Saved in:
Bibliographic Details
Main Author: Šmolcnop, V.
Format: Book Chapter
Language:Czech
Subjects:
Tags: Add Tag
No Tags, Be the first to tag this record!

MARC

LEADER 00000naa a2200000 4500
001 r009908
005 20220831090158.7
041 0 |a cze 
044 |a [CS] 
245 1 0 |a Kolik procent z příjmů na sociální pojištění?  |b K návrhu zákona o pojistném na sociální zabezpečení a příspěvku na státní politiku zaměstnanosti.  |c V. Šmolcnop 
520 |a Súčasťou ekonomickej reformy je aj transformácia systému sociálneho zabezpečenia a zmena spôsobu financovania a inštitucionálneho zabezpečenia štátnej politiky zamestnanosti. Jednotlivé kroky ich realizácie. Okruh poplatníkov poistného na sociálne zabezpečenie a príspevok na štátnu politiku zamestnanosti. Vymerovací základ pre poistné. Rozhodné obdobie pre zistenie vymerovacieho základu. Výška sadzieb poistného. Odvody poistného. 
610 2 0 |a zabezpečenie sociálne 
610 2 0 |a poistenie sociálne 
610 2 0 |a zamestnanosť 
610 2 0 |a poistenie dôchodkové 
610 2 0 |a poistenie nemocenské 
610 2 0 |a poistníci 
610 2 0 |a odvody 
610 2 0 |a predpisy právne 
610 2 0 |a ČSFR 
100 1 |a Šmolcnop, V.